| 000 | 00822nam a2200217Ii 4500 | ||
|---|---|---|---|
| 003 | JO-AjNU | ||
| 008 | 230605s9999||||xx |||||||||||||| ||und|| | ||
| 017 | _a1988/10/613 | ||
| 040 |
_aJO-AjNU _bara _erda _cJO-AjNU |
||
| 041 | _aara | ||
| 050 | 1 | 4 | _aHF5415 .13 .U2288. 1988 |
| 100 | 3 |
_aعبيدات،محمد ابراهيم/هاني حامد الضمور, _eauthor _916725 |
|
| 245 | 0 | 0 | _aالاتجاهات الحديثة في ادارة المنشآت التسويقية |
| 250 | _aط1 | ||
| 264 | 3 | 1 | _aعمان:مؤسسة دار المعالي للنشر والتوزيع؛1988 |
| 300 |
_a223ص _bيحتوي على ببلوغرافية من ص213-223ص |
||
| 336 |
_atext _btxt _2rdacontent |
||
| 337 |
_aunmediated _bn _2rdamedia |
||
| 338 |
_avolume _bnc _2rdacarrier |
||
| 650 | 4 |
_aالتسويق-ادارة _916726 |
|
| 999 |
_aA5021 _c8589 _d8589 |
||